<?xml version="1.0" encoding="UTF-8" ?>
<collection xmlns="http://www.loc.gov/MARC21/slim"><record><leader>00753nam a2200193 c 4500</leader><controlfield tag="001">155130</controlfield><controlfield tag="003">Zü176</controlfield><controlfield tag="005">20170710170610.0</controlfield><datafield tag="035" ind1=" " ind2=" "><subfield code="a">(OCoLC)927729344</subfield></datafield><datafield tag="041" ind1=" " ind2=" "><subfield code="a">ger</subfield></datafield><datafield tag="100" ind1="1" ind2="0"><subfield code="a">Wyler, Otto </subfield><subfield code="d">1887-1965</subfield></datafield><datafield tag="245" ind1="0" ind2="0"><subfield code="a">Postkarte, Aarau, 3.IX.14, Tit Sekretariat des Kunsthauses, Zürich, Heimplatz</subfield><subfield code="b">Sehr geehrter Herr, ...</subfield><subfield code="c">Hochachtend Otto Wyler</subfield><subfield code="h">Manuskript</subfield></datafield><datafield tag="260" ind1=" " ind2=" "><subfield code="a">Aarau</subfield><subfield code="c">1914</subfield></datafield><datafield tag="300" ind1=" " ind2=" "><subfield code="a">1 Blatt</subfield><subfield code="c">9 x 14 cm</subfield></datafield><datafield tag="600" ind1="1" ind2="7"><subfield code="a">Wyler, Otto</subfield><subfield code="d">1887-1965</subfield><subfield code="x">Postkarte</subfield><subfield code="x">Handschrift</subfield><subfield code="2">gnd</subfield></datafield><datafield tag="610" ind1="2" ind2="7"><subfield code="a">Kunsthaus Zürich</subfield><subfield code="x">Ausstellung</subfield><subfield code="x">Geschäftsbrief</subfield><subfield code="2">gnd</subfield></datafield><datafield tag="710" ind1="2" ind2="0"><subfield code="a">Kunsthaus Zürich</subfield><subfield code="e">Adressat</subfield></datafield><datafield tag="852" ind1="4" ind2="0"><subfield code="a">CH-000273-5</subfield><subfield code="c">10.30.30.160a.wyler.19140903</subfield></datafield><datafield tag="856" ind1="4" ind2="1"><subfield code="u">https://digital.kunsthaus.ch:443/viewer/image/155130/1/</subfield><subfield code="y">Kunsthaus Zürich Sammlungen online</subfield></datafield></record></collection>